000 00352nam a2200145Ia 4500
008 210716s2005 xx 000 0 und d
020 _a8178294958
041 _aeng
082 _a338.0954 SARD
100 _asarkar, Debashis.
245 _aIndia business quiz book.
260 _aNew Delhi
_bResponse Books
_c2005
300 _a158
650 _aQuiz
999 _c203455
_d203455